The crescent and the bull ; a survey of archaeology in the Near East /

Bibliographic Details
Main Author: Zehren, Erich
Format: Book
Language:English
German
Published: New York : Hawthorn, [1962]
Subjects:

MARC

Tag First Indicator Second Indicator Subfields
LEADER 00000cam a2200000 4500
001 in00000683097
005 20151015164103.0
008 720222s1962 nyua 00000 eng u
010 |a  62013991  
035 |a (OCoLC)00245883 
035 |9 ACZ6879AM 
040 |c ODC  |d TXA  |d UtOrBLW 
041 1 |a eng  |a ger 
049 |a TXAM  |c [368882] 
050 0 |a DS56  |b .Z413 
090 |a DS56  |b .Z413 1962 
092 |a 939.2  |b Z44c 
100 1 |a Zehren, Erich. 
245 1 4 |a The crescent and the bull ;  |b a survey of archaeology in the Near East /  |c Translated from the German by James Cleugh. 
264 1 |a New York :  |b Hawthorn,  |c [1962] 
300 |a 366 pages :  |b illustrations ;  |c 24 cm. 
336 |a text  |b txt  |2 rdacontent 
337 |a unmediated  |b n  |2 rdamedia 
338 |a volume  |b nc  |2 rdacarrier 
650 0 |a Archaeology. 
651 0 |a Middle East  |x Antiquities. 
944 |a stk  |h REPL<1078290>REP-LATEST<>REF<jdkitchens>  |m Replacement on order 
999 |a MARS 
999 f f |s df311757-520b-3af2-9823-b552c3a63207  |i 79a9bb0c-04eb-3c6f-be6a-311083a5cab2  |t 0 
952 f f |p ric  |a Texas A&M University  |b Rellis Campus  |c Joint Library Facility  |d Remote Storage  |t 0  |e DS56 .Z413 1962  |h Library of Congress classification  |i unmediated -- volume  |m A14837322375 
998 f f |a DS56 .Z413 1962  |t 0  |l Remote Storage